000 00624nam a2200193Ia 4500
005 20250923144656.0
008 008 250917s9999 xx 000 0 eng d
037 _aTextual
040 _aDSWL
_beng
_cDSWL
041 _aeng
_2eng
084 _aY45927:7:7.2N5, J9
_qDSWL
245 0 _aEstimates committee 1958-59 report on scheduled castes, sheduled tribes & other backward classes
_cby Lok Sabha Secretariat
260 _aNew Delhi
_bLok Sabha Secretariat
_c1959
300 _avii,127p.
365 _aINR
_b1.60
925 _g1.60
942 _cTEXL
_hY45927:7:7.2N5, J9
999 _c1441919
_d1441919